Hume /
Saved in:
| Other Authors: | , , |
|---|---|
| Format: | Book |
| Language: | English |
| Published: |
Cheltenham, UK ; Lyme, NH :
E. Elgar Pub.,
c1997.
|
| Series: | Great political thinkers ;
10. An Elgar reference collection. |
| Subjects: | |
| Tags: |
Add Tag
No Tags, Be the first to tag this record!
|
| LEADER | 01124cam a2200337 a 4500 | ||
|---|---|---|---|
| 001 | 007733541-4 | ||
| 005 | 20020606104010.5 | ||
| 008 | 970519s1997 enk b 001 0 eng | ||
| 010 | |a 97017549 | ||
| 020 | |a 1858981069 | ||
| 020 | |a 1858980968 (set) | ||
| 035 | 0 | |a ocm37004396 | |
| 040 | |a DLC |c DLC |d DLC | ||
| 050 | 0 | 0 | |a JC176.H9 |b H86 1997 |
| 082 | 0 | 0 | |a 320/.01 |2 21 |
| 245 | 0 | 0 | |a Hume / |c edited by John Dunn and Ian Harris. |
| 260 | |a Cheltenham, UK ; |a Lyme, NH : |b E. Elgar Pub., |c c1997. | ||
| 300 | |a 2 v. ; |c 26 cm. | ||
| 490 | 1 | |a Great political thinkers ; |v 10 | |
| 490 | 1 | |a An Elgar reference collection | |
| 504 | |a Includes bibliographical references and index. | ||
| 600 | 1 | 0 | |a Hume, David, |d 1711-1776 |x Contributions in political science. |
| 600 | 1 | 0 | |a Hume, David, |d 1711-1776. |
| 700 | 1 | |a Dunn, John, |d 1940- | |
| 700 | 1 | |a Harris, Ian. | |
| 700 | 1 | |a Harris, Ian, |d 1963- | |
| 776 | 0 | 8 | |i Online version: |t Hume. |d Cheltenham, UK ; Lyme, NH : E. Elgar Pub., ©1997 |w (OCoLC)654367466 |
| 830 | 0 | |a Great political thinkers ; |v 10. | |
| 830 | 3 | |a An Elgar reference collection. | |
| 988 | |a 20020608 | ||
| 906 | |0 DLC | ||


